Fleet Street : five hundred years of the press /

Bibliographic Details
Main Author: Griffiths, Dennis
Format: Book
Language:English
Published: London : British Library, 2006.
Subjects:

MARC

Tag First Indicator Second Indicator Subfields
LEADER 00000cam a2200000 a 4500
001 in00002188021
005 20151104064756.0
008 060110s2006 enkabf b 001 0 eng
015 |a GBA625290  |2 bnb 
016 7 |a 013408919  |2 Uk 
020 |a 0712306978 (hbk.) 
035 |a (OCoLC)ocm64313348 
040 |a UKM  |c UKM  |d BAKER  |d BWKUK  |d TXA  |d UtOrBLW 
049 |a TXAM 
050 4 |a DA685.F5  |b G75 2006 
082 0 4 |a 072.1  |2 22 
100 1 |a Griffiths, Dennis. 
245 1 0 |a Fleet Street :  |b five hundred years of the press /  |c Dennis Griffiths. 
264 1 |a London :  |b British Library,  |c 2006. 
300 |a xvii, 458 pages, 16 unnumbered pages of plates :  |b illustrations, maps ;  |c 25 cm. 
336 |a text  |b txt  |2 rdacontent 
337 |a unmediated  |b n  |2 rdamedia 
338 |a volume  |b nc  |2 rdacarrier 
500 |a Published to accompany the exhibition 'The Front Page' held at the British Library in Spring 2006. 
504 |a Includes bibliographical references (pages 434-444) and index. 
650 0 |a Press  |z England  |z London  |x History. 
938 |a Baker & Taylor  |b BKTY  |c 50.00  |d 50.00  |i 0712306978  |n 0006768747  |s active 
994 |a C0  |b TXA 
948 |a cataloged  |b h  |c 2006/8/24  |d c  |e bhartsfi  |f 2:44:44 pm 
999 |a MARS 
999 f f |s 52b7dcc7-d1f9-364b-aa21-1b8fee61a1d9  |i 6818daf7-2509-3c70-b297-59e02025cc0e  |t 0 
952 f f |p normal  |a Texas A&M University  |b College Station  |c Sterling C. Evans Library  |d Evans: Library Stacks  |t 0  |e DA685.F5 G75 2006  |h Library of Congress classification  |i unmediated -- volume  |m A14834570440 
998 f f |a DA685.F5 G75 2006  |t 0  |l Evans: Library Stacks